| 000 | 01001nam a2200241 a 4500 | ||
|---|---|---|---|
| 001 | 000010801 | ||
| 005 | 20200929162308.0 | ||
| 008 | 091012s2004 mx a 001 0 spa d | ||
| 020 | _a970651774X | ||
| 100 | 1 |
_aPatler, Louis _926097 |
|
| 245 | 1 | 0 |
_aRompa las reglas! : _blecciones irreverentes para triunfar en la nueva economía / _cLouis Patler ; editor Rogelio Carvajal Dávila ; traductor Juan Carlos Jolly. |
| 260 |
_aMéxico D.F., : _bOceano, _c2004. |
||
| 490 | 1 | _aPunto y aparte | |
| 500 | _aIncluye notas al pie de las páginas | ||
| 500 | _aIncluye índice analístico | ||
| 500 | _aIncluye datos biográficos del autor en la (p. 281) | ||
| 504 | _aIncluye bibliografía (275 - 279) | ||
| 534 |
_aTítulo original en inglés _bCapstone Publishing Ltd, 1999 _tTilt! irreverent lessons for leading innovation in the new economy |
||
| 700 | 1 |
_aCarvajal Dávila, Rogelio _eed. _911192 |
|
| 700 | 1 |
_aJolly, Juan Carlos _etr. _926098 |
|
| 830 | 1 |
_aPunto y aparte _926099 |
|
| 999 |
_c10550 _d10550 |
||
| 040 | _aDO-SdBNP | ||